Quizzes
Events
Quiz Creation
Community
Videos
Private Events
Remove Ads
Sign In
Join for FREE
Feedback
Dark Mode
Quiz Categories
Sports
Geography
Music
Movies
Television
Just For Fun
Miscellaneous
History
Literature
Language
Science
Gaming
Entertainment
Religion
Holiday
For Kids
Quiz Lab
Recent
Popular Today
Quiz Kudos Today
Editor Picks
Curator Picks
Quizzes by...
Day
Popularity
Type
Ratings
Length
Year
Community
Subscriptions
Recent Discussions
Orange Saloon
Badges
Playlists
Quests
Create
Leaderboards
Showdown
Live 5
Trivia Bingo
Activity
Puzzle Library
Sporcle Events
Private Events
Virtual Trivia
Globe League
Become a Host
Pub Owners
SporcleCon
Opinionation
Our Games
Videos
Blog
Mobile Apps
Partnerships
Remove Ads and Go Orange
Feedback
Music
Pop Music
The Beatles
Song
Album
Lyrics
Bands
Singers
Artist
Clip
Rock
Rap
Classical
Billboard
Country Music
Kpop
Taylor Swift
Music
Pop Music
The Beatles
Song
Album
Lyrics
Bands
Singers
Artist
Clip
Rock
Rap
Classical
Billboard
Country Music
Kpop
Taylor Swift
Random Quiz
Search Sporcle
×
Quiz Lab
Quiz Lab
Music
Artist
Type in answers that appear in a list
Type in answers that appear in a list
Classic
Best Score? Go Orange.
Musicians from Kentucky Stats
Can you name the Musicians from Kentucky?
By
tobinw
12m
29 Questions
168 Plays
168 Plays
168 Plays
Comments
Comments
Give Quiz Kudos
Give Quiz Kudos
-
- Ratings
hide this ad
Replay
Link that replays current quiz
Next Quiz
Link to next quiz in quiz playlist
You Got
0%
They Got
Avg Score
25%
Avg Friend Score
Upgrade to see
Score Distribution
Jump to the score distribution portion of the page
Score
0/29
Timer
12:00
0
Plays Today
Hometown
Band/Artist
% Correct
Flatwoods
Billy Ray Cyrus
78.6%
Van Lear
Loretta Lynn
74.4%
Danville
John Michael Montgomery
61.3%
Ashland
The Judds
52.4%
Danville
Montgomery Gentry
47.6%
Glasgow
Kentucky Headhunters
44%
Bowling Green
Nappy Roots
40.5%
Cordell
Ricky Skaggs
37.5%
Rosine
Bill Monroe
35.7%
Pikeville
Patty Loveless
31.5%
Sandy Hook
Keith Whitley
29.8%
Pikeville
Dwight Yoakam
29.2%
Olive Hill
Tom T. Hall
24.4%
Louisville
My Morning Jacket
20.2%
Maysville
Rosemary Clooney
19%
Hometown
Band/Artist
% Correct
Bowling Green
Cage the Elephant
17.9%
Anchorage
Joan Osborne
14.3%
Paducah
Steven Curtis Chapman
12.5%
Louisville
Villebillies
12.5%
Versailles
John Conlee
11.3%
Louisville
Days of the New
10.7%
Richmond
Exile
7.1%
Louisville
Tantric
6.5%
Hazard
Halfway to Hazard
6%
Edmonton
Black Stone Cherry
4.8%
Grayson
Audio Adrenaline
4.8%
Murray
Joe Buck
3.6%
Berea
Red Foley
2.4%
Louisville
VHS or Beta
2.4%
Quiz Playlist
Details
Report
Send in Message
Add To Playlist
Classic:
Type in answers that appear in a list
Quiz Source
Last Updated: Feb 16, 2017
Quiz Scoreboard
CHALLENGE
Sign Up to Join the Scoreboard
Show All
Scores
Hide
Comments
May contain spoilers
Recently Published
Movies - When Are They Set?
by FPL_Elf
Movies
5m
Popular People in 1961
by mucciniale
History
6m
1-10 Letter E Words III
by El_Dandy
Language
2m
More to Explore
Quiz From the Vault
Featured Blog Post
Where Did the Easter Bunny Come From?
hide this ad
You Might Also Like...
Tags
Artist Quiz
Bands Quiz
Song Quiz
genre
Hometown
Kentucky
Musician
Today's Top Quizzes in Music
Browse Music
hide this ad
Today's Top Quizzes in Artist
Browse Artist
Top Contributed Quizzes in Music
1
Taylor Swift All Songs (2024)
2
2010s Album by Cover III
3
One Thing in Common: Music
4
Taylor Swift Logic Puzzle
5
Guess the Artist- 70s Songs
6
2010s Album by Cover IV
7
Guess the Taylor Swift song (Mystery Song)
8
2010s Album by Cover V
9
Lana Del Rey Discography (BTD to DYKTTATUOB)
10
2010s Album by Cover VI
Explore More
Trending Topics
Disney
Anime
NBA
Kpop
Harry Potter
Marvel
Crossword
NFL
WWE
Country
Song
Soccer
Puzzle
The Office
Pokémon
hide this ad
More By:
tobinw
Quiz
Plays
Rating
Category
Featured
Created
100 Players Who Shook the Kop
5,789
3.86
Sports
Oct 1, 2009
Largest cities in Serbia
966
4.50
Geography
Nov 30, 2010
Largest U.S. cities without Amtrak stops
931
3.08
Geography
Dec 22, 2009
U.S. Cities by order of reaching 250,000
749
3.60
History
Aug 1, 2010
Largest cities in Bosnia and Herzegovina
612
2.75
Geography
Nov 30, 2010
Go to Creator's Profile
Score Distribution
Quiz Creator Spotlight
tobinw
Follow
Send a Message
Quizzes Created
-
Created Quiz Play Count
-
More By This Creator
Popular Quizzes Today
1
Find the US States - No Outlines Minefield
2
Find the Countries of Europe - No Outlines Minefield
3
The Countries of the World
4
Popular People in 1961
5
1-10 Letter E Words III
6
US States
7
Find the US States
8
One Thing in Common: World Cities II
More Music Quizzes
Rock Song Sorting IV
Published
Trending Quizzes
Risky Map Clicking: Least Populous States A-Z
1-10 Letter F Words
1-10 Letter G Words
One Thing in Common: United Kingdom
Risky Map Clicking: Next State Alphabetically
Recently Updated
Leaping Animals
pecheneg
Reality TV Shows (A-Z)
bhenderson79
Rickey Henderson's Hall of Fame Teammates
pecheneg
Champions League XIs: Arsenal
pecheneg
Quick Pick: Celebrities in WWE's Hall of Fame
aduchscher
A-Z Keypad Blitz II
pecheneg
Multiple Oscar Actors
pecheneg
Mystery Phrase Blitz: Oscar 'Best Actors'
pecheneg
F. Scott Fitzgerald Novels
LTH
Pick 3 Villains
ddd62291
Trending Topics
Anime
Crossword
Harry Potter
NBA
Kpop
Disney
Marvel
NFL
Country
The Office
WWE
Song
Pokémon
Soccer
Puzzle
Your Account Isn't Verified!
In order to create a playlist on Sporcle, you need to verify the email address you used during registration. Go to your
Sporcle Settings
to finish the process.
Report this User
Report this user for behavior that violates our
Community Guidelines
.
Details:
Send Report
Go to the Sporcle.com Mobile Site →
Comments